MARC

LEADER 00000nam0a2200000 4500
001 197180
005 20231031183337.0
010 |a 5020066664 
020 |a RU  |b 91-1742 
035 |a (RuTPU)RU\TPU\book\215079 
090 |a 197180 
100 |a 20110606d1990 km y0rusy5003 ca 
101 0 |a rus 
102 |a RU 
105 |a a z 001zy 
200 1 |a Комплексный анализ и моделирование гибкого производства  |e сборник научных трудов  |f Академия наук СССР (АН СССР), Научный совет по проблеле "Робототехника и автоматизированное производство" ; под ред. И. М. Макарова, С. В. Емельянова 
210 |a Москва  |c Наука  |d 1990 
215 |a 178,[1] с.  |c ил. 
225 1 |a Робототехника и гибкие производственные системы 
320 |a Библиогр. в конце ст. 
610 1 |a гибкие производственный системы 
610 1 |a ГПС 
610 1 |a гибкое производство 
610 1 |a комплексный анализ 
610 1 |a моделирование 
610 1 |a робототехника 
610 1 |a внедрение 
610 1 |a сборочное производство 
610 1 |a механообрабатывающее производство 
675 |a 658.52.011.56.012.3(082)  |z rus 
702 1 |a Макаров  |b И. М.  |4 340 
702 1 |a Емельянов  |b С. В.  |4 340 
712 0 2 |a Академия наук СССР (АН СССР)  |b Научный совет по проблеле "Робототехника и автоматизированное производство"  |2 stltpush  |3 (RuTPU)RU\TPU\col\722 
801 0 |a RU  |b RuMRKP  |c 19950417  |g psbo 
801 1 |a RU  |b 63413507  |c 20110606 
801 2 |a RU  |b 63413507  |c 20130614  |g RCR 
942 |c BK